000 00716nam a2200217 a 4500
001 000025567
005 20200930023901.0
008 110217s1966 sp abd r 001 0 spa d
040 _aDO-SdBNP
_bspa
_cBNPHU
082 _axxxx
_bB694r
100 1 _aBolt, C. L.
_952248
245 1 3 _aLa radio :
_b¡Que sencilla! /
_cC. L. Bolt ; revisión Thomas Roddam ; traducción J. A. López del Río.
250 _a5a ed.
260 _aMadrid, España :
_bParaninfo,
_c1966.
300 _a222 p. :
_bil., mapas., diagrs. ;
_c22 cm.
500 _aIncluye índice alfabético.
500 _aIncluye glosario de términos.
700 1 _aRoddam, Thomas
_952249
700 1 _aLópez del Río, J. A.,
_etr.
_952250
049 _aBNGR
999 _c25059
_d25059